Classifica Serie B 2010-2011 - Statistics

Statistiche generali
  • Questo quiz è stato fatto 51 volte
  • Il punteggio medio è 15 su 22
Statistiche sulle risposte
Squadra Punti Vinte Pareggiate Perse Gol fatti Gol subiti % Corretto
Novara 70 18 16 8 63 38
84%
Atalanta 79 22 13 7 61 35
81%
Frosinone 38 8 14 20 46 64
77%
Livorno 59 15 14 13 49 46
77%
Pescara 53 14 11 17 44 48
77%
Vicenza 54 15 9 18 44 54
74%
Cittadella 51 12 15 15 50 54
71%
Reggina 61 15 16 11 46 40
71%
Sassuolo 51 13 12 17 42 46
71%
Siena 77 21 14 7 67 35
71%
Ascoli 50 14 14 14 44 48
68%
AlbinoLeffe 49 13 10 19 55 66
65%
Grosseto 51 12 15 15 43 50
65%
Padova 62 15 17 10 53 48
65%
Piacenza 46 11 13 18 50 63
65%
Torino 58 15 13 14 49 48
65%
Crotone 54 13 15 14 45 50
61%
Empoli 57 13 18 11 46 39
61%
Varese 68 16 20 6 57 34
61%
Modena 55 12 19 1 46 51
52%
Triestina 40 8 16 18 34 57
52%
Portogruaro 40 10 10 22 39 63
42%
Nessun quiz corrispondente trovato
Distribuzione punteggi
Percentuale di utenti per punteggio
Percentile per numero di risposta
I tuoi punteggi nel tempo
Non hai fatto questo quiz